000 00480nam a2200133Ia 4500
008 100328s9999 xx 000 0 und d
082 _b63038
100 _aशिर्सेकर शारदाकुमार.
245 _aपतिविना पतिव्रता.
260 _bनिंबकर आणि मंडळी.
630 _aपतिविना पतिव्रता.
730 _aपतिविना पतिव्रता.
942 _cBOOK
999 _c548960
_d548957